| 000 | 00528nam a22001937a 4500 | ||
|---|---|---|---|
| 003 | OSt | ||
| 005 | 20160615185824.0 | ||
| 008 | 160615b xxu||||| |||| 00| 0 eng d | ||
| 020 | _a068330061 | ||
| 040 | _cDNLM | ||
| 082 | _aQV250A181999. | ||
| 100 |
_aYu.L,Victor;[et...al] _99406 |
||
| 245 | _aAntimocrobial therapy and Vaccines. | ||
| 260 |
_aBaltimore. _bWilliam&Wilkins A waverly Company. _c1999. |
||
| 300 |
_axxv,1460p; _bill; _c28cm. |
||
| 504 | _aincludes index. | ||
| 650 |
_aPharmacology, _9357 |
||
| 942 |
_2z _cO_SHELF |
||
| 999 |
_c4365 _d4365 |
||